000 00918nam a2200217 i 4500
001 bg
245 1 0 _aIdentyfikacja przyczyn niskiej aktywności zawodowej osób niepełnosprawnych - możliwości przełamywania barier zatrudniania :
_bmateriały konferencyjne, 19 marca 2008 r., Warszawa.
260 _aWarszawa :
_bKrajowa Izba Gospodarczo-Rehabilitacyjna,
_c2008.
300 _a168 s. :
_bil. ;
_c24 cm.
500 _aKonferencja została zorganizowana w ramach Projektu Partnerskiego pt. "Kluczowa rola gminy w aktywizacji zawodowej osób niepełnosprawnych". Na s. 2 okł.: Zeszyt 53.
650 9 _aNiepełnosprawni
_xpraca
_zPolska
_yod 1989 r.
655 _aMateriały konferencyjne
020 _a9788361290070
040 _cBPK
041 _apol
044 _aPOL
080 _a331.5-056.26(438)"2001/..."(06)
920 _a978-83-61290-07-0
942 _cKS
008 s pl f |000 0 pol
999 _c55507
_d55507
856 _uhttp://koha.tu.koszalin.pl/cgi-bin/koha/opac-detail.pl?biblionumber=55507
_yKatalog online BPK